000 00661nam a22002057a 4500
999 _c13754
_d13754
003 AR-CdUCM
008 190416b ||||| |||| 00| 0 spa d
040 _aMUNICIPALIDAD PROVINCIAL DEL CUSCO
_cBIBLIOTECA MUNICIPAL DEL CUSCO
082 _aC / 985.61 /
_bE93 / 1940
110 _aConsejo de Calca
_932290
245 _aOfrenda de Calca al Inca Garcilaso /
260 _aCuzco :
_bAmauta,
_c1940.
300 _a7 páginas ;
_c21 cm.
_bFotografĂ­a,
505 _aContenido : Ofrenda de Calca al Inca Garcilaso.
650 _aDiscurso
_92504
650 _aInca Garcilaso
_96516
650 _aCalca
_918136
942 _2ddc
_cFOLLETOS
945 _arah
_d16/04/2019